LEADER 00947nam a2200241 i 4500 001 000000166257 003 CaOOAMICUS 005 20071108000000.0 008 071108s1968 it u000 u ita u 013 $a143625 040 $aSeMil$bita 100 1 $aKerouac, Jack <1922-1969>.$0(OLS)http://semarc/name/22143 245 10$aBig Sur :$bromanzo /$cJack Kerouac ; traduzione di Bruno Oddera. 260 $a[Milano] :$bArnoldo Mondadori Editore,$c1968. 300 $a207 p. ;$c20 cm. 490 0 $aIl bosco ;$v191 700 1 $aOddera, Bruno,$d<1917-1988>.$0(OLS)http://semarc/name/7612 830 3$aIl bosco ;$v191.$0(OLS)http://semarc/title/6840 850 $aSeMil 852 $aSeMil$W1$xVenegono$y1$m1T III 92$j240602$B117428$CSeMilBibl$Z2$F128120 $81 961 $aRecupero: Altro 996 $6245$aBig Sur :$bromanzo$9(OLS)http://semarc/title/237486 996 $6260$a[Milano] :$bArnoldo Mondadori Editore$9(OLS)http://semarc/publisher/29634 LEADER 01274nam a2200229 i 4500 001 000000000028 003 CaOOAMICUS 005 20260424145230.0 008 180830n2003 it u000 u mul u 040 $aSeMil$bita 100 0 $aSophocles,$d<496-406 a.C.>.$0(OLS)http://semarc/name/30 245 10$aTragedie e frammenti /$cSofocle. 264 1$a[Milano] :$bFondazione Lorenzo Valla :$bArnoldo Mondadori,$c2003- 300 $a6 v. ;$c21 cm. 490 1 $aScrittori greci e latini 774 0 $aSophocles <496-406 a.C.>$tElettra.$d[Milano] : Fondazione Lorenzo Valla : Mondadori, 2019.$kScrittori greci e latini$z978-88-04-71565-8$w()338966 774 0 $aSophocles <496-406 a.C.>$tFilottete.$d[Milano] : Fondazione Lorenzo Valla : Arnoldo Mondadori, 2003.$b2. ed.$kScrittori greci e latini$z88-04-51353-5$w()113930 774 0 $aSophocles <496-406 a.C.>$tEdipo a Colono.$d[Milano] : Fondazione Lorenzo Valla : Arnoldo Mondadori, 2008.$kScrittori greci e latini$z978-88-04-57387-6$w()181756 830 0$aScrittori greci e latini.$0(OLS)http://semarc/title/137 996 $6245$aTragedie e frammenti$9(OLS)http://semarc/title/51 996 $6264$a[Milano] :$bFondazione Lorenzo Valla :$bArnoldo Mondadori$9(OLS)http://semarc/publisher/30147